Statistics for Countries with embassies and consulates in Mauritius

Click here to take the quiz!

General Stats

  • This quiz has been taken 110 times
  • The average score is 12 of 13

Answer Stats

ContinentCountry% Correct
EuropeUnited Kingdom
100%
OceaniaAustralia
99%
AsiaChina
98%
North AmericaUnited States of America
98%
EuropeFrance
97%
AsiaIndia
97%
AfricaSouth Africa
96%
Asia/ EuropeRussia
95%
AsiaJapan
86%
AsiaPakistan
77%
AfricaMadagascar
75%
AfricaEgypt
69%
AsiaBangladesh
64%

Score Distribution

Percentile by Number Answered

Percent of People with Each Score

Your Score History

You have not taken this quiz